| 000 | 01377nam a22003497a 4500 | ||
|---|---|---|---|
| 003 | CHAP | ||
| 005 | 20220329135942.0 | ||
| 008 | 971013s1973 r 00010 d | ||
| 010 | _a44604 | ||
| 011 | _a45576 | ||
| 035 | _a49715 | ||
| 040 | _cCHAP | ||
| 082 |
_a633.51 _bI59 1973 |
||
| 110 |
_aMéxico. INIA. Centro de Investigaciones Agrícolas del Noreste _977069 |
||
| 245 |
_aCombate integrado de plagas del algodonero en la Comarca Lagunera y región de Ceballos, Dgo. _b: avances de investigación |
||
| 260 |
_aMatamoros, Coah. : _bEl Instituto, _c1973 |
||
| 300 |
_a154 p. _b: ilus. |
||
| 500 | _aReunión anual, junio de 1973 | ||
| 590 |
_aBATCH-UPD _b10 _c20130110 _lUCH01 _h1325 |
||
| 590 |
_aBATCH-UPD _b10 _c20130410 _lUCH01 _h0832 |
||
| 590 |
_aBATCH-UPD _b10 _c20130914 _lUCH01 _h0101 |
||
| 590 |
_aCONVERSION _b10 _c20130109 _lUCH01 _h1324 |
||
| 650 | 1 | 4 |
_aAlgodón _xComarca Lagunera. _93989 |
| 650 | 1 | 4 |
_aAlgodon _xDurango. _93996 |
| 650 | 1 | 4 |
_aAlgodón _xPlagas. _94046 |
| 901 | _aBK | ||
| 942 | _cLIBRO | ||
| 949 |
_a633.51 I59 1973 _bBC _cLIBRO _d33724000194742 _eLIBRO _fc.2 _h27825 _i49715 _mD _si |
||
| 949 |
_a633.51 I59 1973 _bBC _cLIBRO _d33724000194759 _eLIBRO _h27824 _i49715 _mD _si |
||
| 949 |
_a633.51 I59 1973 _bBC _cLIBRO _d33724000194767 _eLIBRO _fc.3 _h27826 _i49715 _mD _si |
||
| 949 |
_a633.51 I59 1973 _bBC _cLIBRO _d33724000605457 _eLIBRO _fc.4 _h27827 _i49715 _mD _si |
||
| 999 |
_c44604 _d44604 |
||